000 00687nam a22002537a 4500
003 UA-OsUOA
001 29004
007 ta
008 20050520b un ||||| |||| 00| 0 ukr d
100 _aАбдулина Ф. М.
700 _aВысоцкий и др. В. И.
090 _a947
_bИ90
942 _cBK
040 _aUA-OsUOA
_brus
_cUA-OsUOA
_dUA-OsUOA
245 _aИсторико-революцинные памятники СССР
_bкраткий справочник
300 _a304 с.
_bІлюстрації
955 _a2
041 _arus
080 _a947
260 _aМ.
_bПолитиздат
_c1972
044 _aRU
650 7 _2UDC
999 _c315381
_d315381